000 01356cam a22002054a 4500
005 20250605164231.0
008 250528s ||||||||||||||||||||||||d
035 _a20962
020 _a9780415476539
040 _aGR-AtMCL
_bgre
_dGR-AtMCL
_eAACR2
245 1 _aCreative Development in the Early Years Foundation Stage / Practical Guidance in the EYFS
260 _bRouledge,
_c2009
300 _a136
520 _aThe Practical Guidance in the EYFS series will assist practitioners in the smooth and successful implementation of the Early Years Foundation Stage. Acknowledgements, Introduction, A Theoretical Base, Conclusion, Being Creative, From Birth-11 Months, From 8-20 Months, From 16-26 Months, From 22-36 Months, From 30-50 Months, From 40-60 Months, Exploring Media and Materials, From Birth-11 Months, From 8-20 Months, From 16-26 Months, From 22-36 Months, From 30-50 Months, From 40-60 Months, Creating Music and Dance, From Birth-11 Months, From 8-20 Months, From 16-26 Months, From 22-36 Months, From 30-50 Months, From 40-60 Months, Developing Imagination and Imaginative Play, From Birth-11 Months, From 8-20 Months, From 16-26 Months, From 22-36 Months, From 30-50 Months, From 40-60 Months, Bibliography.
700 1 _aGreen Sandy
_96955
700 1 _aMay Pamela
_96956
942 _cBK
999 _c6039
_d6039